000 00284 a2200145 4500
001 168730
020 _a
040 _cMagnum
100 _aBelotur
240 1 0 _aBelo horizonte/brasil
_lpor
245 1 0 _aBelo horizonte/brasil
362 0 _a1899
697 _aGERAL
942 _cBK
999 _c168730
_d168730